[Event "Penang op 15th"]
[Site "Penang"]
[Date "2023.12.20"]
[Round "5"]
[White "Siva Kumar, Nirish Kumar"]
[Black "Yee, Hao Loong"]
[Result "1/2-1/2"]
[WhiteElo "1832"]
[BlackElo "1564"]
[PlyCount "94"]
[EventDate "2023.12.18"]
[EventType "swiss"]
[EventRounds "9"]
[EventCountry "MAS"]
[SourceTitle "CB52_2023"]
[SourceDate "2023.12.27"]
[SourceVersion "1"]
[SourceVersionDate "2023.12.27"]
[SourceQuality "1"]

1. d4 Nf6 2. c4 g6 3. f3 Bg7 4. e4 d6 5. Nc3 0-0 6. Be3 c5 7. Nge2 Qa5 8. Qd2 Nc6 9. d5 Ne5 10. Ng3 a6 11. Be2 Rb8 12. 0-0 b5 13. cxb5 axb5 14. Bh6 b4 15. Nd1 Ba6 16. Bxa6 Qxa6 17. Bxg7 Kxg7 18. Qg5 Kh8 19. Ne3 Nc4 20. b3 Nxe3 21. Qxe3 Rfc8 22. Rfd1 Nd7 23. Ne2 c4 24. Nd4 Qb6 25. Qf2 Ne5 26. bxc4 Rxc4 27. h3 Rc3 28. Nb3 Qxf2+ 29. Kxf2 Nd3+ 30. Kg1 Nf4 31. Rd2 Ra8 32. Rad1 Kg7 33. h4 g5 34. hxg5 Kg6 35. Kf2 Kxg5 36. Nd4 Rca3 37. Nc6 Rxa2 38. Nxb4 Rxd2+ 39. Rxd2 h5 40. Nc6 Ng6 41. Nd4 Ra3 42. Nf5 h4 43. Ne3 Kf4 44. Nf5 Ra1 45. Nd4 Ra3 46. Nf5 Rc3 47. Nd4 Ra3 1/2-1/2

[Event "Eastern Asia-ch U20"]
[Site "Kota Kinabalu"]
[Date "2023.12.05"]
[Round "5"]
[White "Siva Kumar, Nirish Kumar"]
[Black "Gnanasekar, Jai Adithya"]
[Result "1-0"]
[WhiteElo "1832"]
[BlackElo "1468"]
[PlyCount "115"]
[EventDate "2023.12.02"]
[EventType "swiss"]
[EventRounds "9"]
[EventCountry "MAS"]
[SourceTitle "CB50_2023"]
[SourceDate "2023.12.13"]
[SourceVersion "1"]
[SourceVersionDate "2023.12.13"]
[SourceQuality "1"]

1. d4 d5 2. Nf3 Nf6 3. Bf4 e6 4. e3 Bd6 5. Ne5 0-0 6. Nd2 c5 7. c3 Qc7 8. Bd3 a5 9. Qf3 Nbd7 10. Qg3 c4 11. Bc2 g6 12. Nxd7 Qxd7 13. Bxd6 Nh5 14. Qh4 Qxd6 15. f4 Qd8 16. Qxd8 Rxd8 17. g4 Nf6 18. g5 Nd7 19. h4 b5 20. h5 Kg7 21. Ke2 Rh8 22. Nf3 Bb7 23. Rh2 b4 24. Rah1 Ba6 25. Kd2 Bb5 26. Rh3 Bc6 27. hxg6 hxg6 28. Rxh8 Rxh8 29. Rxh8 Kxh8 30. Ne5 Nxe5 31. dxe5 Kg7 32. e4 bxc3+ 33. Kxc3 dxe4 34. Kd4 Bd5 35. a3 Kf8 36. Bxe4 c3 37. bxc3 Bb3 38. Kc5 Ke7 39. Kb5 a4 40. Kb4 Kd7 41. c4 Kc7 42. c5 Bd1 43. Bd3 Kc6 44. Bb5+ Kc7 45. Bxa4 Bf3 46. Be8 Be4 47. a4 Kd8 48. Bb5 Bd5 49. c6 Kc7 50. Kc5 Bb3 51. a5 Bd5 52. a6 Kb8 53. Kb6 f6 54. a7+ Ka8 55. c7 Bb7 56. c8Q+ Bxc8 57. Bc6+ Bb7 58. Bxb7# 1-0

[Event "Eastern Asia-ch U20"]
[Site "Kota Kinabalu"]
[Date "2023.12.03"]
[Round "3"]
[White "Siva Kumar, Nirish Kumar"]
[Black "Arca, Christian Gian Karl"]
[Result "0-1"]
[WhiteElo "1832"]
[BlackElo "2317"]
[PlyCount "109"]
[EventDate "2023.12.02"]
[EventType "swiss"]
[EventRounds "9"]
[EventCountry "MAS"]
[SourceTitle "CB50_2023"]
[SourceDate "2023.12.13"]
[SourceVersion "1"]
[SourceVersionDate "2023.12.13"]
[SourceQuality "1"]

1. e4 c6 2. d4 d5 3. e5 Bf5 4. h4 h5 5. Bg5 Qb6 6. Bd3 Qxd4 7. Nf3 Qg4 8. Bxf5 Qxf5 9. c4 Qe4+ 10. Be3 e6 11. Nbd2 Bb4 12. cxd5 Qxd5 13. 0-0 Nd7 14. Qc2 Bxd2 15. Rfd1 Nxe5 16. Nxe5 Qxe5 17. Qxd2 Nf6 18. Qb4 Nd5 19. Qc5 Qc7 20. Bd4 b6 21. Qc2 0-0 22. Qe2 Nf4 23. Qf3 Rad8 24. g3 Ng6 25. Qxh5 Rd5 26. Qe2 Rfd8 27. Bc3 Qd6 28. Re1 Qc5 29. Rac1 Qb5 30. Qe4 c5 31. a4 Qd3 32. Qg4 Qf5 33. Qxf5 Rxf5 34. Re4 Rfd5 35. Kg2 a5 36. Rh1 Rd1 37. Rh2 Ne7 38. Rg4 Nf5 39. h5 Kh7 40. Rf4 f6 41. g4 Nd4 42. Re4 e5 43. f4 exf4 44. h6 f3+ 45. Kf2 gxh6 46. Rh5 Rc1 47. Rxh6+ Kxh6 48. Bd2+ Kg6 49. Bxc1 Rh8 50. Bf4 f5 51. Re5 fxg4 52. Rg5+ Kf6 53. Rxg4 Kf5 54. Kg3 Ne2+ 55. Kxf3 0-1

[Event "World ol U16"]
[Site "Eindhoven"]
[Date "2023.08.17"]
[Round "8.19"]
[White "Pidluznij, Gleb"]
[Black "Siva Kumar, Nirish Kumar"]
[Result "1-0"]
[WhiteElo "2237"]
[BlackElo "1717"]
[PlyCount "83"]
[EventDate "2023.08.13"]
[EventType "team-swiss"]
[EventRounds "9"]
[EventCountry "NED"]
[SourceTitle "CBM 215 Extra"]
[Source "ChessBase"]
[SourceDate "2023.09.30"]
[SourceVersion "1"]
[SourceVersionDate "2023.09.30"]
[SourceQuality "1"]
[WhiteTeam "Lithuania"]
[BlackTeam "Malaysia"]
[WhiteTeamCountry "LTU"]
[BlackTeamCountry "MAS"]

1. d4 Nf6 2. c4 g6 3. Nc3 Bg7 4. e4 d6 5. h3 0-0 6. Be3 e5 7. d5 Na6 8. g4 Nc5 9. f3 a5 10. Nge2 c6 11. Qd2 cxd5 12. cxd5 Ne8 13. h4 f5 14. exf5 gxf5 15. g5 f4 16. Bxc5 dxc5 17. Ne4 Nd6 18. N2c3 Bf5 19. Bh3 Bxe4 20. Nxe4 Nxe4 21. fxe4 Qd6 22. 0-0-0 c4 23. Be6+ Kh8 24. Rhg1 f3 25. Bf5 c3 26. Qxc3 Rxf5 27. exf5 e4 28. f6 Qf4+ 29. Kb1 Bf8 30. Qd4 Bd6 31. Rg4 Qf5 32. Qxe4 Qxe4+ 33. Rxe4 f2 34. Rf1 Bc5 35. d6 Kg8 36. d7 Kf7 37. Rxf2 Bxf2 38. Re7+ Kf8 39. Rxh7 Kg8 40. Re7 Rf8 41. g6 Bb6 42. Rg7+ 1-0

[Event "World ol U16"]
[Site "Eindhoven"]
[Date "2023.08.15"]
[Round "4.30"]
[White "Olando, Paul Jnr"]
[Black "Siva Kumar, Nirish Kumar"]
[Result "1-0"]
[WhiteElo "1400"]
[BlackElo "1717"]
[PlyCount "99"]
[EventDate "2023.08.13"]
[EventType "team-swiss"]
[EventRounds "9"]
[EventCountry "NED"]
[SourceTitle "CBM 215 Extra"]
[Source "ChessBase"]
[SourceDate "2023.09.30"]
[SourceVersion "1"]
[SourceVersionDate "2023.09.30"]
[SourceQuality "1"]
[WhiteTeam "Kenya"]
[BlackTeam "Malaysia"]
[WhiteTeamCountry "KEN"]
[BlackTeamCountry "MAS"]

1. e4 c5 2. Nf3 d6 3. d4 cxd4 4. Nxd4 Nf6 5. Nc3 a6 6. Be3 e5 7. Nb3 Be6 8. f3 h5 9. Nd5 Bxd5 10. exd5 Nbd7 11. Qd2 g6 12. 0-0-0 Bg7 13. Kb1 0-0 14. Qb4 Qc7 15. a4 Rac8 16. c3 Nc5 17. Nxc5 dxc5 18. Qc4 Qd6 19. a5 Nd7 20. g4 hxg4 21. fxg4 b5 22. axb6 Nxb6 23. Qe4 Nd7 24. g5 Rb8 25. h4 Rb6 26. Rd2 Qb8 27. Rdh2 f5 28. gxf6 Nxf6 29. Qc4 Nh5 30. b4 cxb4 31. Bxb6 Qxb6 32. Rb2 Ng3 33. Rxb4 Qe3 34. d6+ Kh8 35. d7 Qe1+ 36. Kc2 Rf2+ 37. Be2 Rxe2+ 38. Kb3 Qd2 39. Rb8+ Kh7 40. Qg8+ Kh6 41. d8Q Qa2+ 42. Kb4 Rb2+ 43. Kc5 Ne4+ 44. Kc6 Qa4+ 45. Kc7 Qa5+ 46. Kc8 Qc5+ 47. Qc7 Rxb8+ 48. Kxb8 Qb5+ 49. Qb7 Qa4 50. Qgxg7+ 1-0

[Event "Eastern Asia-ch U16 7th"]
[Site "Hainan"]
[Date "2023.08.04"]
[Round "1"]
[White "Siva Kumar, Nirish Kumar"]
[Black "Wu, Yixing"]
[Result "1-0"]
[WhiteElo "1717"]
[BlackElo "2232"]
[PlyCount "119"]
[EventDate "2023.08.04"]
[EventType "swiss"]
[EventRounds "9"]
[EventCountry "CHN"]
[SourceTitle "EXT 2024"]
[Source "ChessBase"]
[SourceDate "2023.10.10"]
[SourceVersion "1"]
[SourceVersionDate "2023.10.10"]
[SourceQuality "1"]

1. d4 Nf6 2. Bf4 d5 3. e3 c5 4. c3 Qb6 5. Qb3 c4 6. Qc2 Nc6 7. Nd2 Nh5 8. Bg3 f5 9. Be2 Nf6 10. Nh3 g6 11. Nf4 Bg7 12. h4 Bh6 13. Nf3 e6 14. Ng5 Nd8 15. b3 cxb3 16. Qxb3 0-0 17. f3 Bxg5 18. hxg5 Nd7 19. c4 Qxb3 20. axb3 dxc4 21. bxc4 Re8 22. Nd3 Nf7 23. f4 Nd6 24. c5 Ne4 25. Bf2 b6 26. c6 Nb8 27. Ne5 Re7 28. 0-0 Rc7 29. Rfc1 a5 30. Bd3 Nd6 31. d5 exd5 32. e4 fxe4 33. Bxb6 Re7 34. Be2 a4 35. Rc5 Be6 36. Bg4 Bxg4 37. Nxg4 Nc8 38. Nf6+ Kg7 39. Bd8 Re6 40. c7 Nc6 41. Nxd5 e3 42. Rc3 e2 43. Bf6+ Kf7 44. Kf2 Nd6 45. Ke1 Ne4 46. Rc4 Nxf6 47. gxf6 Rc8 48. Raxa4 Rd6 49. Rc5 Ke6 50. Re4+ Kf7 51. Rxe2 Re6 52. g4 Nd4 53. Rxe6 Nxe6 54. Rc6 h6 55. Kf2 g5 56. f5 Nxc7 57. Rxc7+ Rxc7 58. Nxc7 Kxf6 59. Nd5+ Ke5 60. f6 1-0